Catalog

Record Details

Catalog Search



The broker  Cover Image Book Book

The broker / John Grisham.

Grisham, John. : (author).

Summary:

In his final hours in the Oval Office, the outgoing President grants a controversial last-minute pardon to Joel Backman, a notorious Washington power broker who has spent the last six years hidden away in a federal prison. What no one knows is that the President issues the pardon only after receiving enormous pressure from the CIA. It seems Backman, in his power broker heyday, may have obtained secrets that compromise the world's most sophisticated satellite surveillance system. Backman is quietly smuggled out of the country in a military cargo plane, given a new name, a new identity, and a new home in Italy. Eventually, after he has settled into his new life, the CIA will leak his whereabouts to the Israelis, the Russians, the Chinese, and the Saudis. Then the CIA will do what it does best: sit back and watch. The question is not whether Backman will survive, there is no chance of that. The question the CIA needs answered is, who will kill him?

Record details

  • ISBN: 0385510454
  • ISBN: 9780385510455
  • ISBN: 0385510462
  • ISBN: 9780385510462
  • ISBN: 9780385503839
  • ISBN: 0385503830
  • ISBN: 0739449664
  • ISBN: 9780739449660
  • ISBN: 0375434399
  • ISBN: 9780375434396
  • ISBN: 0440241588
  • Physical Description: 357 pages ; 25 cm.
  • Edition: First edition.
  • Publisher: New York : Doubleday, ©2005.
Subject: United States. Central Intelligence Agency > Fiction.
Americans > Italy > Fiction.
Attempted murder > Fiction.
Ex-convicts > Fiction.
Pardon > Fiction.
Italy > Fiction.
Genre: Thrillers (Fiction)
Legal fiction (Literature)
Legal fiction.

Available copies

  • 1 of 1 copy available at scottsboropl.

Holds

  • 0 current holds with 1 total copy.
Show Only Available Copies
Location Call Number / Copy Notes Barcode Shelving Location Status Due Date
scottsboropl F Gri 32269000978398 Adult - Fiction Available -

LDR 01412cam a2200349 a 4500
001117462
003SBPL
00520221010212433.0
008041014s2005 nyu 000 1 eng d
020 . ‡a0385510454 ‡q(hardcover ; ‡qbook club edition)
020 . ‡a9780385510455 ‡q(hardcover ; ‡qbook club edition)
020 . ‡a0385510462
020 . ‡a9780385510462
020 . ‡a9780385503839
020 . ‡a0385503830
020 . ‡a0739449664
020 . ‡a9780739449660
020 . ‡a0375434399
020 . ‡a9780375434396
020 . ‡a0440241588
035 . ‡a(OCoLC)57236073 ‡z(OCoLC)60409557 ‡z(OCoLC)68962551 ‡z(OCoLC)316249250 ‡z(OCoLC)670377293 ‡z(OCoLC)731296182 ‡z(OCoLC)731296198 ‡z(OCoLC)732829292 ‡z(OCoLC)732839110 ‡z(OCoLC)732878167 ‡z(OCoLC)733635041 ‡z(OCoLC)733756375 ‡z(OCoLC)795513049 ‡z(OCoLC)798226085 ‡z(OCoLC)966500463 ‡z(OCoLC)967800783 ‡z(OCoLC)973971247 ‡z(OCoLC)974729465 ‡z(OCoLC)980576490 ‡z(OCoLC)985271216 ‡z(OCoLC)988991123 ‡z(OCoLC)993393164 ‡z(OCoLC)995467109 ‡z(OCoLC)1022638295 ‡z(OCoLC)1045715786 ‡z(OCoLC)1050300718 ‡z(OCoLC)1054984668 ‡z(OCoLC)1089391294 ‡z(OCoLC)1175691417 ‡z(OCoLC)1175692816 ‡z(OCoLC)1175725797 ‡z(OCoLC)1175730070 ‡z(OCoLC)1492671159
1001 . ‡aGrisham, John. : ‡eauthor
24514. ‡aThe broker / ‡cJohn Grisham.
250 . ‡aFirst edition.
260 . ‡aNew York : ‡bDoubleday, ‡c©2005.
300 . ‡a357 pages ; ‡c25 cm.
336 . ‡atext ‡btxt ‡2rdacontent
337 . ‡aunmediated ‡bn ‡2rdamedia
338 . ‡avolume ‡bnc ‡2rdacarrier
520 . ‡aIn his final hours in the Oval Office, the outgoing President grants a controversial last-minute pardon to Joel Backman, a notorious Washington power broker who has spent the last six years hidden away in a federal prison. What no one knows is that the President issues the pardon only after receiving enormous pressure from the CIA. It seems Backman, in his power broker heyday, may have obtained secrets that compromise the world's most sophisticated satellite surveillance system. Backman is quietly smuggled out of the country in a military cargo plane, given a new name, a new identity, and a new home in Italy. Eventually, after he has settled into his new life, the CIA will leak his whereabouts to the Israelis, the Russians, the Chinese, and the Saudis. Then the CIA will do what it does best: sit back and watch. The question is not whether Backman will survive, there is no chance of that. The question the CIA needs answered is, who will kill him?
61010. ‡aUnited States. ‡bCentral Intelligence Agency ‡vFiction.
650 0. ‡aAmericans ‡zItaly ‡vFiction.
650 0. ‡aAttempted murder ‡vFiction.
650 0. ‡aEx-convicts ‡vFiction.
650 0. ‡aPardon ‡vFiction.
651 0. ‡aItaly ‡vFiction.
655 7. ‡aThrillers (Fiction) ‡2lcgft
655 7. ‡aLegal fiction (Literature) ‡2lcgft
655 7. ‡aLegal fiction. ‡2lcgft
901 . ‡a117462 ‡bUnknown ‡c117462 ‡tbiblio

Additional Resources